El agua: indispensable para la vida. Concurso literario juvenil cuento corto

Saved in:
Bibliografiske detaljer
Hovedforfatter: Villalobos Crovetto, Carlos (Author)
Format: Bog
Sprog:spansk
Udgivet: Valparaíso ESVAL 2010
Valparaíso Corporación Municipal Valparaíso 2010
Fag:
Tags: Tilføj Tag
Ingen Tags, Vær først til at tagge denne postø!

MARC

LEADER 00000cam a2200000 a 4500
001 UCF6374
003 CL-VaPUC
008 130425e20101000CL |||||||||||||||||spa|d
082 0 4 |a Ch863  |b VIL  |2 21 
100 0 |a Villalobos Crovetto, Carlos  |e author  |9 568338 
245 1 3 |a El agua: indispensable para la vida. Concurso literario juvenil cuento corto 
300 |a 115 p 
942 |c BK 
945 |d 20130425 00:00:00  |a dcastane 
260 |a Valparaíso  |b ESVAL  |c 2010 
260 |a Valparaíso  |b Corporación Municipal Valparaíso  |c 2010 
650 0 |a Cuentos chilenos   |9 308280 
650 0 |a Literatura chilena   |9 308278 
583 |a last modification  |c 20130425 11:23:00  |k Rodrigo Vera 
999 |c 351594  |d 351592